Normal view
MARC view
Entry Personal Name
001 - CONTROL NUMBER
- control field: 83054
003 - CONTROL NUMBER IDENTIFIER
- control field: dpl
005 - DATE AND TIME OF LATEST TRANSACTION
- control field: 20250717141144.0
008 - FIXED-LENGTH DATA ELEMENTS
- fixed length control field: 250717|| aca||aabn | a|a d
040 ## - CATALOGING SOURCE
- Original cataloging agency: dpl
- Transcribing agency: dpl
100 ## - HEADING--PERSONAL NAME
- Personal name: Choudhary, J. K
670 ## - SOURCE DATA FOUND
- Source citation: Work cat.: (dpl)212409: Choudhary, J. K., Build Your Career in Insurance Industry/, 2012
